000
00218 a2200097 4500
001
49437
100
_a
Kemp
245
_a
Hundred Years of Sea Stories
260
_a
London
_b
Cassell & Co. Ltd
_c
090
_c
31972
_d
31972
942
_a
NUST-CAE
_c
M
_c
24416
999
_c
284510
_d
284510